| 000 | 00616nam a2200205Ia 4500 | ||
|---|---|---|---|
| 003 | Ost | ||
| 005 | 20260507075137.0 | ||
| 008 | 260507s9999||||xx |||||||||||||| ||und|| | ||
| 020 | _a9960244954 | ||
| 040 | _cfsecg | ||
| 041 | _aara | ||
| 082 | _a330 | ||
| 100 |
_aجونز، جاريث _eمؤلف |
||
| 245 | 0 |
_aالادارة الاستراتيجية : _b"مدخل متكامل" / _c جاريث جونز |
|
| 260 |
_aالرياض: _bدار المريخ للنشر, _c2001 |
||
| 300 | _a772 صفحة؛ | ||
| 653 | _aادارة الاستراتيجية | ||
| 653 | _aمدخل متكامل | ||
| 942 | _cكتاب | ||
| 999 |
_c43276 _d43276 |
||